000 00497nam a2200217Ia 4500
003 OSt
005 20221005120816.0
006 a|||||r|||| 00| 0
007 ta
008 221004b |||||||| |||| 00| 0 eng d
024 _a120143
037 _cTextual
040 _aCRL
_cCRL
_beng
041 _2eng
_aeng
100 _aCanada Ashok
_9629676
245 0 _aFederalism in India
260 _c1965
650 _aHISTORY
942 _cTEXL
_2cc
999 _c1039199
_d1039199